Happiness Always and in All Ways (Record no. 94838)
[ view plain ]
| 000 -LEADER | |
|---|---|
| fixed length control field | 00524nam a2200217Ia 4500 |
| 005 - DATE AND TIME OF LATEST TRANSACTION | |
| control field | 20251122105138.0 |
| 008 - FIXED-LENGTH DATA ELEMENTS--GENERAL INFORMATION | |
| fixed length control field | 230125s9999 xx 000 0 und d |
| 020 ## - INTERNATIONAL STANDARD BOOK NUMBER | |
| International Standard Book Number | 9788130920368 |
| 041 ## - LANGUAGE CODE | |
| Language code of text/sound track or separate title | eng |
| 082 ## - DEWEY DECIMAL CLASSIFICATION NUMBER | |
| Classification number | 158.1 |
| Item number | SIN |
| 100 ## - MAIN ENTRY--PERSONAL NAME | |
| Author | Singh |
| 245 ## - TITLE STATEMENT | |
| Title | Happiness Always and in All Ways |
| 250 ## - EDITION STATEMENT | |
| Edition statement | Ed.1st |
| 260 ## - PUBLICATION, DISTRIBUTION, ETC. | |
| Date of publication, distribution, etc. | 2017 |
| Name of publisher, distributor, etc. | Viva Books |
| Place of publication, distribution, etc. | New Delhi |
| 300 ## - PHYSICAL DESCRIPTION | |
| Extent | 144p |
| 500 ## - GENERAL NOTE | |
| Keywords | Personality Development |
| 650 ## - SUBJECT ADDED ENTRY--TOPICAL TERM | |
| Topical term or geographic name entry element | Personality Development |
| 700 ## - ADDED ENTRY--PERSONAL NAME | |
| Personal name | Singh |
| 942 ## - ADDED ENTRY ELEMENTS (KOHA) | |
| Koha item type | Books |
| 906 ## - LOCAL DATA ELEMENT F, LDF (RLIN) | |
| b | 69.75 |
| Withdrawn status | Lost status | Damaged status | Not for loan | Home library | Current library | Date acquired | Vendor | Net Price | Bill number | Total Checkouts | Total Renewals | Full call number | Barcode | Date last seen | Date last checked out | Actual Price | Bill Date | Koha item type | Original Barcode |
|---|---|---|---|---|---|---|---|---|---|---|---|---|---|---|---|---|---|---|---|
| Smt. Hiraben Nanavati Institute of Management & Research for Women | Smt. Hiraben Nanavati Institute of Management & Research for Women | 17/03/2017 | Suyog Enterprises | 225.00 | SE/SI/3795 | 2 | 2 | 158.1 SIN B15724 | HIMR-BK-15724 | 18/03/2024 | 13/02/2024 | 155.25 | 22/02/2017 | Books | B15724 | ||||
| Smt. Hiraben Nanavati Institute of Management & Research for Women | Smt. Hiraben Nanavati Institute of Management & Research for Women | 29/02/2020 | Forward Books | 225.00 | 11222 | 158.1 SIN B20230 | HIMR-BK-20230 | 25/01/2023 | 162.00 | 25/01/2023 | Books | B20230 | |||||||
| Smt. Hiraben Nanavati Institute of Management & Research for Women | Smt. Hiraben Nanavati Institute of Management & Research for Women | 29/02/2020 | Forward Books | 225.00 | 11222 | 2 | 1 | 158.1 SIN B20231 | HIMR-BK-20231 | 13/02/2025 | 07/02/2025 | 162.00 | 25/01/2023 | Books | B20231 | ||||
| Smt. Hiraben Nanavati Institute of Management & Research for Women | Smt. Hiraben Nanavati Institute of Management & Research for Women | 29/02/2020 | Forward Books | 225.00 | 11222 | 158.1 SIN B20232 | HIMR-BK-20232 | 25/01/2023 | 162.00 | 25/01/2023 | Books | B20232 |